000
00215nam a2200097Ia 4500
008
240331s9999 xx 000 0 und d
082
_b
LOO
100
_a
Loomba, A
245
0
_a
Colonialism Post colonialism
942
_c
L
999
_c
2546
_d
2546